| 000 | 00540 a2200181 4500 | ||
|---|---|---|---|
| 003 | OSt | ||
| 005 | 20240207121738.0 | ||
| 008 | 240207b |||||||| |||| 00| 0 eng d | ||
| 020 | _a9788188779505 | ||
| 040 | _coclc | ||
| 082 |
_a894.8124 _bSHI/M |
||
| 100 |
_aShihab, Syed Mohammedali _91950 |
||
| 245 |
_aMatham Samooham Samskaram / _c Syed Mohammedali Shihab |
||
| 250 | _a2nd ed. | ||
| 260 |
_aKozhikode: _bOlive Publications, _c2020. |
||
| 300 | _a160p. | ||
| 942 |
_2ddc _cBK _h894.8124 _iSHI/M _k894.8124 _mSHI/M |
||
| 999 |
_c44348 _d44348 |
||